Guess the 1960s song lyrics #67 - Statistics

General Stats
  • This quiz has been taken 20 times
  • The average score is 96 of 188
Answer Stats
Answer % Correct
a
94%
I
94%
the
94%
we
94%
We
94%
be
88%
Go
88%
go
88%
me
88%
on
88%
you
88%
are
82%
as
82%
at
82%
can
82%
Can
82%
do
82%
is
82%
of
82%
and
76%
And
76%
by
76%
for
76%
have
76%
If
76%
in
76%
my
76%
see
76%
that
76%
then
76%
this
76%
to
76%
where
76%
who
76%
your
76%
now
71%
some
71%
us
71%
All
65%
all
65%
don't
65%
I'll
65%
I've
65%
just
65%
know
65%
one
65%
tell
65%
will
65%
won
65%
from
59%
got
59%
her
59%
it's
59%
Say
59%
You're
59%
Cause
53%
or
53%
Yes
53%
been
47%
does
47%
need
47%
Out
47%
take
47%
thing
47%
away
41%
over
41%
something
41%
There's
41%
keep
35%
once
35%
please
35%
smile
35%
them
35%
way
35%
let
29%
other
29%
die
24%
easy
24%
Easy
24%
free
24%
people
24%
side
24%
understand
24%
very
24%
again
18%
everybody
18%
Far
18%
Guess
18%
Haven't
18%
land
18%
same
18%
berries
12%
eating
12%
everywhere
12%
feelings
12%
foreign
12%
friend
12%
hand
12%
language
12%
Lead
12%
purple
12%
set
12%
seven
12%
ships
12%
sick
12%
six
12%
south
12%
Stare
12%
warm
12%
watch
12%
water
12%
weeks
12%
wind
12%
Wooden
12%
alive
6%
anguished
6%
blowin
6%
both
6%
bout
6%
coat
6%
course
6%
cries
6%
echo
6%
fair
6%
grips
6%
Horror
6%
human
6%
laugh
6%
leaving
6%
might
6%
Probably
6%
shoreline
6%
shoulder
6%
Silver
6%
sister
6%
supposed
6%
Talkin
6%
No matching quizzes found
Score Distribution
Percent of People with Each Score
Percentile by Number Answered
Your Score History
You have not taken this quiz